| 000 | 01438naa a2200277 a 4500 | ||
|---|---|---|---|
| 001 | 80343 | ||
| 003 | BD-RjUL | ||
| 005 | 20220913142801.0 | ||
| 008 | 220913b |||||||| |||| 00| 0 eng d | ||
| 020 |
_a9788126021703 _cRs. 200.00 |
||
| 035 | _a(BD-RjUL)80343 | ||
| 040 |
_aBD-RjUL _beng _cBD-RjUL |
||
| 041 | _asan | ||
| 082 |
_223 _a934 _bJOV 2018 |
||
| 100 |
_a जोशी, तर्कतीर्थ लक्ष्मणशास्त्री ## Joshi, Tarkatirtha Laxmanshastri _94763 |
||
| 245 | 1 | 2 |
_aवैदिक संस्कृति का विकास ## Vaidik Sankriti ka Vikas / _c:तर्कतीर्थ लक्ष्मणशास्त्री जोशी ; मराठी से हिंदी अनुवाद मोरेश्वर दिनकर पराड़कर., Lakshmaṇaśāstrī Jośī (Author), ## Mo Di Parāḍakara (Translator), Lakshmaṇaśāstrī Jośī ; anuvādaka Moreśvara Dinakara Parāṛakara |
| 250 | _aEditions: 16 | ||
| 264 |
_a Naī Dillī : _bसाहित्य अकादेमी,, Sāhitya Akādemī, , _c2018 |
||
| 300 |
_a360 pages ; _c23 cm |
||
| 650 |
_aHindu civilization _94766 |
||
| 650 | _aVedic literature | ||
| 650 |
_aVedic literature History and criticism _94765 |
||
| 650 |
_aHindu civilization as depicted in Vedic literature _94766 |
||
| 700 |
_a Parāḍakara, Moreshwar. Dinkar _d1925- _94772 |
||
| 942 |
_2ddc _cBK |
||
| 999 |
_c80343 _d80343 |
||